00970nam a2200265 a 450000100060000000300080000600500170001400800410003103500190007204000320009104100080012308200250013110000270015624501180018325000380030126000480033930000330038749000260042050000200044665000280046683000340049494200120052899900170054095201470055771992BD-RjUL20211209082210.0170511s1950 nyua 001 0 eng d a(BD-RjUL)72208 aAKRcAKRdUKMdBD-RjULbeng0 aeng a547.84223bMEN 19501 aMeyer, Kurt H.921293410aNatural and synthetic high polymers :ba textbook and reference book for chemists and biologists /cKurt H. Meyer a2nd completely rev. and augm. ed. aNew York :bInterscience Publishers,c1950. axx, 891 p. :bill. ;c24 cm.1 aHigh polymers ;vv. 4 aIncludes Index. 0aPolymerization.9212936 0aHigh polymers ;vv. 49212867 2ddccBK c71992d71992 00102ddc40718NFICaRUCLbRUCLcReadingd2021-12-09eMirza Book Agencyg75.00l0o547.84 MEN 1950r2017-05-11 00:00:00tC-1w2017-05-11yBK